Obálka
Pro půjčování e-knih musíte být přihlášeni.
Jak si půjčit online?

Lovecká setkání /

Původní 2LP album 1 19 1269 "Lovecká setkání" vydal Supraphon v roce 1968 k 50. výročí založení myslivecké organizace v Československu (1923 Československá myslivecká jednota ČSMJ) - nyní tento titul plný veselého i zasvěceného mysliveckého vyprávění a mysliveckých písniček vychází poprvé...

Celý popis

Uloženo v:
Hlavní autor: Tomeček, Jaromír (Autor)
Další autoři: Hrušínský, Rudolf (Autor), Munzar, Luděk (Vypravěč-komentátor), Langmiler, Josef (Vypravěč-komentátor), Říha, Jan (Vypravěč-komentátor), Illík, Jaroslav (Vypravěč-komentátor), Štercl, Jaroslav (Vypravěč-komentátor)
Médium: E-audiokniha
Vydáno: Praha : Supraphon a.s., 2020
Tagy:
Žádné tagy
LEADER 02699nim a22005537i 4500
001 313604
007 sr nunnnnnnned
024 |a 099925154929 
044 |a xr 
100 1 |a  Tomeček, Jaromír  |4 aut 
245 1 0 |a Lovecká setkání /  |c  Tomeček, Jaromír 
264 1 |a Praha :  |b Supraphon a.s.,  |c 2020 
300 |a 1 online zdroj (1 hod., 36 min., 8 sek.) 
336 |a mluvené slovo  |b spw  |2 rdacontent 
337 |a audio  |b s  |2 rdamedia 
338 |a online zdroj  |b cr  |2 rdacarrier 
505 0 0 |t Signál zahájení lovu - Lovecké uvítání (1 min., 38 sek.) 
505 0 0 |t Proč se ty hájové zelenají (0 min., 36 sek.) 
505 0 0 |t Myslivecká beseda (3 min., 4 sek.) 
505 0 0 |t Pozvání na poslední leč (0 min., 37 sek.) 
505 0 0 |t Proč se ty hájové zelenají (0 min., 40 sek.) 
505 0 0 |t Já jsem malý mysliveček (0 min., 54 sek.) 
505 0 0 |t Myslivecká beseda (3 min., 21 sek.) 
505 0 0 |t Myslivecká beseda (6 min., 40 sek.) 
505 0 0 |t Příhoda s tetřevem (z knihy Myslivcův rok) (13 min., 52 sek.) 
505 0 0 |t Proč se ty hájové zelenají (0 min., 30 sek.) 
505 0 0 |t Los (z knihy Revír bez hranic) (13 min., 6 sek.) 
505 0 0 |t Letěla husička (2 min., 36 sek.) 
505 0 0 |t Bul jest jeden pytlák (1 min., 17 sek.) 
505 0 0 |t Já jsem malý mysliveček (0 min., 37 sek.) 
505 0 0 |t Myslivecká beseda (4 min., 49 sek.) 
505 0 0 |t Myslivecká beseda (9 min., 23 sek.) 
505 0 0 |t Zy tygrem do džungle (12 min., 15 sek.) 
505 0 0 |t Psi (12 min., 36 sek.) 
505 0 0 |t Když jsem já byl malý zajíc (0 min., 48 sek.) 
505 0 0 |t Lovecká fanfára (1 min., 17 sek.) 
505 0 0 |t Myslivecká beseda (4 min., 3 sek.) 
505 0 0 |t Jó, jó, je to pravda (1 min., 42 sek.) 
520 2 |a Původní 2LP album 1 19 1269 "Lovecká setkání" vydal Supraphon v roce 1968 k 50. výročí založení myslivecké organizace v Československu (1923 Československá myslivecká jednota ČSMJ) - nyní tento titul plný veselého i zasvěceného mysliveckého vyprávění a mysliveckých písniček vychází poprvé digitálně. 
700 1 |a  Hrušínský, Rudolf  |4 nrt 
700 1 |a  Munzar, Luděk  |4 nrt 
700 1 |a  Langmiler, Josef  |4 nrt 
700 1 |a  Říha, Jan  |4 nrt 
700 1 |a  Illík, Jaroslav  |4 nrt 
700 1 |a  Štercl, Jaroslav  |4 nrt 
910 |a RBIT002 
998 |d 426685  |a https://core.palmknihy.cz/api/books/426685/cover?tel7fz  |b https://core.palmknihy.cz/api/books/426685/cover/400?tel7fz  |c https://core.palmknihy.cz/api/books/426685/cover/50?tel7fz  |e 2099-01-01  |i 099925154929  |l 5768  |q 49  |r 1  |s https://www.palmknihy.cz/kniha/426685  |t audiobook  |y 2020  |z 1 
999 |d 313602